[Event "GER-ch U14"]
[Site "Willingen"]
[Date "2022.06.11"]
[Round "9"]
[White "Payyappat, Sayas"]
[Black "Kocharin, Timur"]
[Result "1-0"]
[WhiteElo "2173"]
[BlackElo "1888"]
[PlyCount "93"]
[EventDate "2022.06.04"]
[EventType "swiss"]
[EventRounds "9"]
[EventCountry "GER"]
[SourceTitle "CBM 208 Extra"]
[Source "ChessBase"]
[SourceDate "2022.07.31"]
[SourceVersion "1"]
[SourceVersionDate "2022.07.31"]
[SourceQuality "1"]

1. e4 c5 2. Nf3 Nc6 3. d4 cxd4 4. Nxd4 e5 5. Nb5 d6 6. c4 Be7 7. N1c3 a6 8. Na3 f5 9. exf5 Bxf5 10. Bd3 Be6 11. 0-0 Nf6 12. Be3 0-0 13. Nd5 Rc8 14. Rc1 e4 15. Nxf6+ Bxf6 16. Bxe4 Bxb2 17. Bxh7+ Kh8 18. Qh5 Bg4 19. Qxg4 Kxh7 20. Rb1 Bxa3 21. Bg5 Qa5 22. Qh3+ Kg8 23. Qe6+ Kh7 24. Rb3 Qxg5 25. Rh3+ Qh6 26. Qe4+ Kh8 27. Qe3 Bc5 28. Rxh6+ gxh6 29. Qxh6+ Kg8 30. Qg6+ Kh8 31. Kh1 Rc7 32. f4 Ne5 33. Qh6+ Kg8 34. g4 Rg7 35. Qe6+ Kh8 36. g5 Nc6 37. Rf3 Rh7 38. Rh3 Rxh3 39. Qxh3+ Kg7 40. Qh6+ Kf7 41. g6+ Ke8 42. g7 Rg8 43. Qg6+ Ke7 44. f5 Nd8 45. f6+ Kd7 46. f7 Nxf7 47. Qxf7+ 1-0

[Event "GER-ch U14"]
[Site "Willingen"]
[Date "2022.06.05"]
[Round "2"]
[White "Krueger, Arthur"]
[Black "Payyappat, Sayas"]
[Result "0-1"]
[WhiteElo "1988"]
[BlackElo "2173"]
[PlyCount "115"]
[EventDate "2022.06.04"]
[EventType "swiss"]
[EventRounds "9"]
[EventCountry "GER"]
[SourceTitle "CBM 208 Extra"]
[Source "ChessBase"]
[SourceDate "2022.07.31"]
[SourceVersion "1"]
[SourceVersionDate "2022.07.31"]
[SourceQuality "1"]

1. e4 c6 2. d4 d5 3. e5 Bf5 4. Nf3 e6 5. Be2 Ne7 6. 0-0 Ng6 7. Nbd2 Nf4 8. Nb3 Nxe2+ 9. Qxe2 Nd7 10. Bd2 Be7 11. a4 0-0 12. Rfc1 f6 13. exf6 Bxf6 14. Bb4 Be7 15. Bxe7 Qxe7 16. Ne5 Nxe5 17. Qxe5 Rf6 18. c3 Raf8 19. f3 Rg6 20. Kh1 Qh4 21. Re1 Rg5 22. Re2 b6 23. Qd6 Rg6 24. Qe5 Bd3 25. Rd2 Bc4 26. Nc1 Qh6 27. Rf2 Rg4 28. Kg1 Rg5 29. Qd6 Rg6 30. Qe5 Rg5 31. Qd6 Rgf5 32. b3 Ba6 33. Na2 Qe3 34. Qxc6 g5 35. Nb4 Rc8 36. Qd6 Qxc3 37. Qxe6+ Rf7 38. Qe1 Bb7 39. Qxc3 Rxc3 40. Rb1 Rfc7 41. Rbb2 a5 42. Na2 R3c6 43. Rfd2 Ba6 44. Kf2 Kf7 45. Ke3 Kg6 46. Kf2 h5 47. Rd1 g4 48. Rdd2 h4 49. Ke3 Kg5 50. Kf2 gxf3 51. gxf3 Kf4 52. b4 Rc4 53. bxa5 bxa5 54. Rb6 R7c6 55. Rb3 h3 56. Ke1 Rg6 57. Rb8 Rc8 58. Rb5 0-1

[Event "Reinstorf op"]
[Site "Reinstorf"]
[Date "2022.01.31"]
[Round "3"]
[White "Krause, Helmut"]
[Black "Payyappat, Sayas"]
[Result "1/2-1/2"]
[WhiteElo "1595"]
[BlackElo "1223"]
[PlyCount "98"]
[EventDate "2022.01.29"]
[EventType "swiss"]
[EventRounds "9"]
[EventCountry "GER"]
[SourceTitle "CBM 206 Extra"]
[Source "ChessBase"]
[SourceDate "2022.03.31"]
[SourceVersion "1"]
[SourceVersionDate "2022.03.31"]
[SourceQuality "1"]

1. d4 Nf6 2. Nc3 d6 3. e4 g6 4. Be3 Bg7 5. Be2 Nbd7 6. Qd2 0-0 7. h4 h5 8. f3 c5 9. dxc5 Nxc5 10. Bh6 Kh7 11. Bxg7 Kxg7 12. Nh3 b6 13. Nf4 e5 14. Nfd5 Bb7 15. 0-0-0 Nxd5 16. Nxd5 Re8 17. Ne3 Re6 18. g4 hxg4 19. Nxg4 Rc8 20. Bc4 Re8 21. Qh6+ Kg8 22. Bxf7+ Kxf7 23. Qh7+ Kf8 24. Nh6 Qf6 25. Rhg1 Qg7 26. Qxg6 Qxg6 27. Rxg6 Re6 28. Rg8+ Ke7 29. Nf5+ Kd7 30. Rg7+ Kc6 31. c4 Rc7 32. Rxc7+ Kxc7 33. h5 Nd7 34. Rg1 Nf8 35. Rg7+ Kc6 36. b4 b5 37. cxb5+ Kb6 38. h6 d5 39. a4 Ba8 40. h7 Nxh7 41. Rxh7 dxe4 42. Rh8 Bb7 43. fxe4 Bxe4 44. Ne3 Bd3 45. Rd8 e4 46. Rd7 Bxb5 47. axb5 Kxb5 48. Rxa7 Kxb4 49. Rc7 Kb5 1/2-1/2

[Event "GER-ch U12"]
[Site "Willingen"]
[Date "2020.10.29"]
[Round "4"]
[White "Payyappat, Sayas"]
[Black "Sauer, Tim"]
[Result "1-0"]
[WhiteElo "2144"]
[BlackElo "1729"]
[PlyCount "49"]
[EventDate "2020.10.26"]
[EventType "swiss"]
[EventRounds "7"]
[EventCountry "GER"]
[SourceTitle "CBM 199 Extra"]
[Source "ChessBase"]
[SourceDate "2021.01.31"]
[SourceVersion "1"]
[SourceVersionDate "2021.01.31"]
[SourceQuality "1"]

1. e4 c6 2. d4 d5 3. f3 e6 4. Be3 dxe4 5. Nc3 exf3 6. Nxf3 Nf6 7. Bd3 Nbd7 8. 0-0 c5 9. Ne4 Nxe4 10. Bxe4 Nf6 11. Bd3 cxd4 12. Bxd4 Be7 13. c3 0-0 14. Ng5 h6 15. Bxf6 hxg5 16. Bd4 f5 17. Qb3 Kh8 18. Bc4 Bf6 19. Rad1 Bxd4+ 20. Rxd4 Qe7 21. Re1 e5 22. Qd1 g4 23. Rd5 e4 24. Qxg4 Rf6 25. Qh4+ 1-0

[Event "GER-chT Lands U20"]
[Site "Berlin"]
[Date "2020.10.03"]
[Round "6.2"]
[White "Payyappat, Sayas"]
[Black "Halabi, Ibrahim"]
[Result "1/2-1/2"]
[WhiteElo "2144"]
[BlackElo "1895"]
[PlyCount "63"]
[EventDate "2020.09.29"]
[EventType "team-swiss"]
[EventRounds "7"]
[EventCountry "GER"]
[SourceTitle "CBM 198 Extra"]
[Source "ChessBase"]
[SourceDate "2020.11.30"]
[SourceVersion "1"]
[SourceVersionDate "2020.11.30"]
[SourceQuality "1"]
[WhiteTeam "Niedersachsen U20"]
[BlackTeam "Rheinland Pfalz U20"]
[WhiteTeamCountry "GER"]
[BlackTeamCountry "GER"]

1. e4 c5 2. Nf3 d6 3. d4 cxd4 4. Nxd4 Nf6 5. Nc3 a6 6. h3 e5 7. Nf3 Be6 8. Ng5 Be7 9. Nxe6 fxe6 10. Bc4 Qd7 11. Bg5 0-0 12. f4 b5 13. Bb3 Nc6 14. f5 Nd4 15. Bxf6 Bxf6 16. Qg4 Nxb3 17. fxe6 Qa7 18. axb3 Qe3+ 19. Kd1 Bg5 20. Qe2 Qc5 21. b4 Qb6 22. Qd3 Rf2 23. Nd5 Qa7 24. Ke1 Rd2 25. Qf3 Rf8 26. Qxf8+ Kxf8 27. Rf1+ Ke8 28. Rxa6 Rd1+ 29. Ke2 Rd2+ 30. Ke1 Rd1+ 31. Ke2 Rd2+ 32. Ke1 1/2-1/2

[Event "GER-chT Lands U20"]
[Site "Berlin"]
[Date "2020.09.30"]
[Round "1.1"]
[White "Payyappat, Sayas"]
[Black "Farokhi, Keyvan"]
[Result "1/2-1/2"]
[WhiteElo "2144"]
[BlackElo "2001"]
[PlyCount "114"]
[EventDate "2020.09.29"]
[EventType "team-swiss"]
[EventRounds "7"]
[EventCountry "GER"]
[SourceTitle "CBM 198 Extra"]
[Source "ChessBase"]
[SourceDate "2020.11.30"]
[SourceVersion "1"]
[SourceVersionDate "2020.11.30"]
[SourceQuality "1"]
[WhiteTeam "Niedersachsen U20"]
[BlackTeam "Schleswig Holstein U20"]
[WhiteTeamCountry "GER"]
[BlackTeamCountry "GER"]

1. e4 c6 2. d4 d5 3. Nc3 dxe4 4. Nxe4 Bf5 5. Ng3 Bg6 6. h4 h6 7. Nf3 Nd7 8. h5 Bh7 9. Bd3 Bxd3 10. Qxd3 e6 11. Bf4 Qa5+ 12. Bd2 Bb4 13. a3 Bxd2+ 14. Nxd2 Ngf6 15. 0-0-0 0-0-0 16. Nc4 Qc7 17. Qf3 Kb8 18. Rd3 Nb6 19. Ne5 c5 20. dxc5 Na4 21. Rxd8+ Rxd8 22. Nxf7 Qxf7 23. Qf4+ Qc7 24. Qxa4 Qxc5 25. Qf4+ e5 26. Qe3 Qxe3+ 27. fxe3 Ng4 28. Nf5 Rf8 29. Rh4 Nf2 30. g4 Nxg4 31. e4 Nf2 32. Nxg7 Rd8 33. c3 Rd1+ 34. Kc2 Re1 35. Nf5 Rxe4 36. Rxe4 Nxe4 37. Kd3 Nf6 38. Nxh6 Nxh5 39. Ke4 Nf4 40. Nf7 Kc7 41. Nxe5 Ne6 42. Kf5 Nc5 43. b4 Na4 44. c4 Nc3 45. Nd3 b5 46. c5 Nb1 47. Nf4 Nxa3 48. Ke5 Nc2 49. Nd5+ Kc6 50. Ke4 Nxb4 51. Nxb4+ Kxc5 52. Na6+ Kb6 53. Nb8 a5 54. Kd4 a4 55. Kc3 a3 56. Kb3 b4 57. Nd7+ Kb5 1/2-1/2

[Event "GER-ch U18 sf Berlin Online"]
[Site "Playchess.com INT"]
[Date "2020.05.01"]
[Round "2"]
[White "Payyappat, Sayas"]
[Black "Braeutigam, Katerina"]
[Result "0-1"]
[WhiteElo "1620"]
[BlackElo "1479"]
[PlyCount "40"]
[EventDate "2020.05.01"]
[EventType "swiss (blitz)"]
[EventRounds "13"]
[EventCountry "GER"]
[SourceTitle "CBM 195 Extra"]
[Source "ChessBase"]
[SourceDate "2020.05.31"]
[SourceVersion "1"]
[SourceVersionDate "2020.05.31"]
[SourceQuality "1"]

1. e4 c6 2. d4 d5 3. e5 Bf5 4. Nc3 e6 5. Nf3 Ne7 6. Bg5 h6 7. Bd2 Nd7 8. Be2 Qc7 9. Na4 c5 10. c4 cxd4 11. cxd5 Nxd5 12. Nxd4 Qxe5 13. Nb5 Bd3 14. Rc1 Bxb5 15. Nc3 Nxc3 16. Bxc3 Bxe2 17. Qxe2 Qxe2+ 18. Kxe2 Bc5 19. Rc2 Rg8 20. Rhc1 Ke7 0-1

[Event "GER-ch U18 sf Berlin Online"]
[Site "Playchess.com INT"]
[Date "2020.05.01"]
[Round "1"]
[White "Payyappat, Sayas"]
[Black "Eilenberg, Jonas"]
[Result "0-1"]
[WhiteElo "1620"]
[BlackElo "2228"]
[PlyCount "62"]
[EventDate "2020.05.01"]
[EventType "swiss (blitz)"]
[EventRounds "13"]
[EventCountry "GER"]
[SourceTitle "CBM 195 Extra"]
[Source "ChessBase"]
[SourceDate "2020.05.31"]
[SourceVersion "1"]
[SourceVersionDate "2020.05.31"]
[SourceQuality "1"]

1. e4 e6 2. Nf3 d5 3. exd5 exd5 4. d4 Nf6 5. Nc3 c6 6. Bg5 Bg4 7. Be2 Bd6 8. 0-0 0-0 9. h3 Bh5 10. Nh2 Bxe2 11. Qxe2 Bxh2+ 12. Kxh2 Nbd7 13. Qf3 Qb6 14. Qf4 Qxb2 15. Ne2 Qxc2 16. Ng3 h6 17. Bxh6 gxh6 18. Nf5 Qe4 19. Nxh6+ Kh7 20. Qg5 Qg6 21. Qxg6+ Kxg6 22. Ng4 Nxg4+ 23. hxg4 Nf6 24. Kg3 Ne4+ 25. Kf4 Rae8 26. f3 Nd6 27. Rfe1 f5 28. Re7 Rxe7 29. gxf5+ Rxf5+ 30. Kg4 Rg5+ 31. Kf4 Rxg2 0-1

[Event "GER-ch U18 sf Berlin Online"]
[Site "Playchess.com INT"]
[Date "2020.05.01"]
[Round "12"]
[White "Payyappat, Sayas"]
[Black "Laux, Dominik"]
[Result "0-1"]
[WhiteElo "1620"]
[BlackElo "1923"]
[PlyCount "126"]
[EventDate "2020.05.01"]
[EventType "swiss (blitz)"]
[EventRounds "13"]
[EventCountry "GER"]
[SourceTitle "CBM 195 Extra"]
[Source "ChessBase"]
[SourceDate "2020.05.31"]
[SourceVersion "1"]
[SourceVersionDate "2020.05.31"]
[SourceQuality "1"]

1. e4 c6 2. Nf3 d5 3. Nc3 Bg4 4. exd5 cxd5 5. Bb5+ Nc6 6. Ne5 Bxd1 7. Nxc6 Qb6 8. Ne5+ Kd8 9. Nxf7+ Kc8 10. Kxd1 d4 11. Bc4 dxc3 12. bxc3 Nh6 13. Nxh8 e6 14. Re1 Kc7 15. d3 Bd6 16. Bxh6 gxh6 17. Nf7 Qb2 18. Nxd6 Qxa1+ 19. Kd2 Qb2 20. Nb5+ Kd8 21. Rxe6 a6 22. Nd6 Kd7 23. Ne4 Rf8 24. f3 b5 25. Nc5+ Kc8 26. Rc6+ Kd8 27. Bb3 a5 28. Ne6+ Ke7 29. Rc7+ Kd6 30. Ra7 Re8 31. Rxa5 b4 32. Ra6+ Kd7 33. cxb4 Qe5 34. Ba4+ Ke7 35. Bxe8 Qxh2 36. Nd4 Qxg2+ 37. Ne2 Kxe8 38. Rxh6 Qg5+ 39. f4 Qxh6 40. c4 Qg6 41. b5 h5 42. a4 h4 43. a5 h3 44. b6 Qc6 45. Kc3 h2 46. Ng3 Qa4 47. b7 Qxa5+ 48. Kc2 Qb6 49. c5 Qxc5+ 50. Kd2 Qb6 51. Ke2 Qxb7 52. Kf2 h1Q 53. Nxh1 Qxh1 54. Ke3 Qd5 55. Ke2 Kf7 56. Kd2 Kf6 57. Ke3 Kf5 58. d4 Qb3+ 59. Kd2 Kxf4 60. d5 Qxd5+ 61. Ke2 Qe4+ 62. Kd2 Qe3+ 63. Kc2 Ke4 0-1

[Event "GER-ch U18 sf Berlin Online"]
[Site "Playchess.com INT"]
[Date "2020.05.01"]
[Round "13"]
[White "Rosol, Alexander"]
[Black "Payyappat, Sayas"]
[Result "0-1"]
[WhiteElo "1783"]
[BlackElo "1620"]
[PlyCount "94"]
[EventDate "2020.05.01"]
[EventType "swiss (blitz)"]
[EventRounds "13"]
[EventCountry "GER"]
[SourceTitle "CBM 195 Extra"]
[Source "ChessBase"]
[SourceDate "2020.05.31"]
[SourceVersion "1"]
[SourceVersionDate "2020.05.31"]
[SourceQuality "1"]

1. e4 e5 2. Nf3 Nc6 3. d4 exd4 4. Nxd4 Bc5 5. Nxc6 Qf6 6. Qe2 dxc6 7. Nc3 Ne7 8. Be3 Bxe3 9. Qxe3 Ng6 10. g3 Bg4 11. Be2 Bxe2 12. Qxe2 0-0 13. 0-0-0 Rfd8 14. f4 Qe7 15. e5 Rd7 16. h4 Rad8 17. Rxd7 Rxd7 18. h5 Nf8 19. h6 g6 20. Ne4 Kh8 21. Nf6 Rd8 22. g4 Nd7 23. Rd1 Nxf6 24. Rxd8+ Qxd8 25. exf6 Kg8 26. Qe7 Qc8 27. a4 b5 28. a5 a6 29. f5 Qf8 30. g5 gxf5 31. Kd2 c5 32. Ke3 Qc8 33. Kf4 c6 34. g6 Qb8+ 35. Kxf5 hxg6+ 36. Ke4 Qg3 37. Qe8+ Kh7 38. Qxf7+ Kxh6 39. Qg7+ Kg5 40. f7 Qf4+ 41. Kd3 Qf3+ 42. Kd2 Qf2+ 43. Kd1 Qf1+ 44. Kd2 Qf2+ 45. Kd3 c4+ 46. Kc3 Qe3+ 47. Kb4 c5# 0-1

[Event "Erfurt op-A 29th"]
[Site "Erfurt"]
[Date "2019.12.29"]
[Round "7"]
[White "Payyappat, Sayas"]
[Black "Rahimi, Rahim"]
[Result "0-1"]
[WhiteElo "2166"]
[BlackElo "1945"]
[PlyCount "118"]
[EventDate "2019.12.26"]
[EventType "swiss"]
[EventRounds "8"]
[EventCountry "GER"]
[SourceTitle "CBM 194 Extra"]
[Source "ChessBase"]
[SourceDate "2020.03.31"]
[SourceVersion "1"]
[SourceVersionDate "2020.03.31"]
[SourceQuality "1"]

1. e4 b6 2. d4 Bb7 3. Bd3 e6 4. Nf3 Ne7 5. 0-0 d5 6. e5 Ba6 7. Bxa6 Nxa6 8. c3 Qd7 9. Qe2 Qc8 10. a4 Nb8 11. Be3 Nf5 12. Nbd2 c5 13. Rfc1 Qd8 14. Bg5 Be7 15. Bxe7 Qxe7 16. a5 Qb7 17. Qb5+ Nd7 18. dxc5 a6 19. c6 axb5 20. cxb7 Ra7 21. a6 Nb8 22. Nb3 Rxa6 23. g4 Ne7 24. Rxa6 Nxa6 25. Ra1 Nb8 26. Nbd4 Kd7 27. Ra8 Nec6 28. Nxb5 f6 29. exf6 gxf6 30. Na7 Rg8 31. Kf1 Kc7 32. Nxc6 Kxc6 33. Ra7 Rxg4 34. Nd4+ Kd7 35. b4 e5 36. Nc2 Kc6 37. b5+ Kxb5 38. Ra8 Rg8 39. Nb4 d4 40. Na6 dxc3 41. Ke2 Rd8 42. Rxb8 Rd2+ 43. Ke3 Kxa6 44. Rc8 Kxb7 45. Rxc3 Rd7 46. Rc2 f5 47. Rb2 Rd5 48. Rb1 b5 49. Rg1 Kc6 50. Rg8 b4 51. h4 b3 52. Rc8+ Kb7 53. Rc1 b2 54. Rb1 Rb5 55. Kd3 Kc6 56. Kc4 Rb8 57. f3 h5 58. Kd3 Kd5 59. Kc3 e4 0-1

[Event "Erfurt op-A 29th"]
[Site "Erfurt"]
[Date "2019.12.26"]
[Round "1"]
[White "Payyappat, Sayas"]
[Black "Kottwitz, Daniel"]
[Result "1-0"]
[WhiteElo "2166"]
[BlackElo "1949"]
[PlyCount "75"]
[EventDate "2019.12.26"]
[EventType "swiss"]
[EventRounds "8"]
[EventCountry "GER"]
[SourceTitle "CBM 194 Extra"]
[Source "ChessBase"]
[SourceDate "2020.03.31"]
[SourceVersion "1"]
[SourceVersionDate "2020.03.31"]
[SourceQuality "1"]

1. e4 d5 2. exd5 Qxd5 3. Nc3 Qd6 4. d4 Nf6 5. Nf3 c6 6. Ne5 Bf5 7. Bc4 e6 8. Bf4 Qb4 9. Bb3 Nbd7 10. a3 Qb6 11. Nc4 Qd8 12. 0-0 Nb6 13. Ne5 Bd6 14. Qf3 0-0 15. Rad1 Qc7 16. h3 Nbd5 17. Bh2 Rad8 18. Rfe1 h6 19. g4 Bh7 20. h4 Nxc3 21. Qxc3 Nd5 22. Qh3 c5 23. g5 Bf5 24. Qg2 c4 25. gxh6 g6 26. Nxc4 Bxh2+ 27. Qxh2 Qxh2+ 28. Kxh2 b5 29. Ne5 Kh7 30. c3 Nf6 31. f3 Kxh6 32. Nc6 Rd7 33. Re5 Rc8 34. Nb4 a5 35. Nd3 Nd5 36. Nc5 Rd6 37. Nb7 Ra6 38. Bxd5 1-0